محاضرات في تعديل السلوك : (رقم التسجيلة. 123639)

تفاصيل مارك
000 -الفاتح
عناصر البيانات ثابتة الطول 00833cam a2200205 i 4500
005 - تاريخ ووقت آخر معاملة
حقل ضبط 20251109120805.0
008 - عناصر البيانات ثابتة الطول
عناصر البيانات ثابتة الطول 250721s2011 jo gr 000 0 ara d
082 14 - رقم تصنيف ديوي العشري
رقم التصنيف 155.45
رقم المادة ن م ر
100 1# - مدخل رئيسي – اسم شخصي
الاسم الشخصي النمر، عصام
علاقة الشخص بالعمل/ دوره مؤلف.
245 10 - بيان العنوان
العنوان محاضرات في تعديل السلوك :
بقية العنوان دليل عمليو علمي للآباء و المربين و العاملين مع الاشخاص المعاقين /
بيان المسؤولية د. عصام النمر.
250 ## - بيان الطبعة
بيان الطبعة الطبعة الأولى.
264 1# - بيانات النشر، التوزيع…إلخ
مكان النشر، التوزيع...إلخ عمان :
اسم الناشر، الموزع...إلخ دار اليازوري العلمية للنشر والوزيع،
تاريخ النشر، التوزيع...إلخ 2011.
300 ## - الوصف المادي
عدد الوحدات المكونة للوعاء 179 صفحة.
650 17 - مدخل إضافي بالموضوع - مصطلح موضوعي
مصطلح موضوعي أو اسم جغرافي كعنصر مدخل علم النفس.
650 17 - مدخل إضافي بالموضوع - مصطلح موضوعي
مصطلح موضوعي أو اسم جغرافي كعنصر مدخل الاطفال.
650 17 - مدخل إضافي بالموضوع - مصطلح موضوعي
مصطلح موضوعي أو اسم جغرافي كعنصر مدخل التربية الخاصة.
650 17 - مدخل إضافي بالموضوع - مصطلح موضوعي
مصطلح موضوعي أو اسم جغرافي كعنصر مدخل تحوير السلوك.
942 ## - بيانات إضافية (كوها)
نوع التنصيف Dewey Decimal Classification
نوع المادة (كوها) كتب
المقتنيات
حالة السحب حالة الفقدان مصدر التصنيف حالة التلف غير قابل للإعارة المكتبة الرئيسية المكتبة الحالية موقع الرف تاريخ التزويد الرقم المتسلسل Total Checkouts رقم الإستدعاء الباركود تاريخ آخر ظهور تاريخ الفاتورة نوع المادة (كوها)
    Dewey Decimal Classification     المكتبة المركزية المكتبة المركزية الإعارة 28/07/2025 1477500   155.45 / ن م ر PLD00212441 28/07/2025 28/07/2025 كتب
    Dewey Decimal Classification     مكتبة الأميرة ايمان العامة مكتبة الأميرة ايمان العامة الإعارة 03/07/2011 1477507   155.45/نمر PLD00212841 28/07/2025 03/07/2011 كتب
    Dewey Decimal Classification     مكتبة الاميرة بديعة مكتبة الاميرة بديعة الإعارة 03/07/2011 1477502   155.45/نمر PLD00212836 28/07/2025 03/07/2011 كتب
    Dewey Decimal Classification     مكتبة الجويدة مكتبة الجويدة الإعارة 03/07/2011 1477508   155.45/نمر PLD00212842 28/07/2025 03/07/2011 كتب
    Dewey Decimal Classification     مكتبة الحسن العامة مكتبة الحسن العامة الإعارة 03/07/2011 1477504   155.45/نمر PLD00212838 28/07/2025 03/07/2011 كتب
    Dewey Decimal Classification     مكتبة الراية الهاشمية للأطفال مكتبة الراية الهاشمية للأطفال الإعارة 10/02/2015 1591979   155.45/نمر PLD00315881 28/07/2025 10/02/2015 كتب
    Dewey Decimal Classification     مكتبة صويلح العامة مكتبة صويلح العامة الإعارة 03/07/2011 1477503   155.45/نمر PLD00212837 28/07/2025 03/07/2011 كتب
Implemented & Customized by: BBB with SCIT (Smart Chains for Information Technology)

Powered by Koha